| 000 | 01091pam a2200301 a 4500 | ||
|---|---|---|---|
| 999 |
_c41173 _d41173 |
||
| 001 | 3351630 | ||
| 003 | OSt | ||
| 005 | 20210810102214.0 | ||
| 008 | 860707s1987 enk b 001 0 eng | ||
| 010 | _a 86018766 | ||
| 020 | _a9780521337816 | ||
| 020 | _a052133781X (pbk.) | ||
| 040 |
_aDLC _cDLC _dDLC |
||
| 050 | 0 | 0 |
_aQA171 _b.L46 1987 |
| 082 | 0 | 0 |
_a512.22 _219 _bLED/I |
| 100 | 1 |
_aLedermann, Walter, _d1911-2009 _98658 |
|
| 245 | 1 | 0 |
_aIntroduction to group characters / _cWalter Ledermann. |
| 250 | _a2nd ed. | ||
| 260 |
_aCambridge [Cambridgeshire] ; _aNew York : _bCambridge University Press, _c1987. |
||
| 300 |
_ax, 227 p. ; _c24 cm. |
||
| 500 | _aIncludes index. | ||
| 504 | _aBibliography: p. 224-225. | ||
| 650 | 0 | _aCharacters of groups. | |
| 856 | 4 | 2 |
_3Publisher description _uhttp://www.loc.gov/catdir/enhancements/fy0901/86018766-d.html |
| 856 | 4 | 1 |
_3Table of contents only _uhttp://www.loc.gov/catdir/enhancements/fy0901/86018766-t.html |
| 906 |
_a7 _bcbc _corignew _d1 _eocip _f19 _gy-gencatlg |
||
| 942 |
_2ddc _cBK _h512.22 _iLED/I _k512.22 _mLED/I |
||